Statistics for Word Scramble: Shakespeare Edition

Click here to take the quiz!

General Stats

  • This quiz has been taken 24 times
  • The average score is 5 of 15

Answer Stats

ScrambleAnswer% Correct
At HelmHamlet
91%
Lot HoleOthello
82%
Alas Us JuicerJulius Caesar
64%
Air TopPortia
45%
Ion OcularsCoriolanus
36%
Crime OutMercutio
32%
Long IreGoneril
27%
Alien VentValentine
23%
Lions Astrid CrusaderTroilus and Cressida
14%
A Heart InkKatherina
9%
Nerds LayLysander
9%
A Farmer Mouse ReuseMeasure For Measure
9%
Star Corn ZenRosencrantz
9%
Onto Fines MathTimon of Athens
9%
There My Scored RoofThe Comedy of Errors
5%

Score Distribution

Percentile by Number Answered

Percent of People with Each Score

Your Score History

You have not taken this quiz